Szczegóły MARC21

Podręcznik Frascati 2015 : zalecenia dotyczące pozyskiwania i prezentowania danych z zakresu działalności badawczej i rozwojowej /

003 -Nazwa inst., której nr kontr. jest w polu 001 [,]
    • @
    • Nazwa instytucji, której n kontrolny jest w polu 001
    • NUKAT
005 -DATA I CZAS OSTATNIEJ MODYFIKACJI [,]
    • @
    • pole kontrolne
    • 20241231094202.0
020 -Międzynarod. znormalizowany nr książki - ISBN [ , ]
    • a
    • Numer ISBN
    • 9788388718977 Find
040 -Instytucja sporządzająca opis [ , ]
    • a
    • Instytucja, która sporządziła opis (NP)
    • LUBL KUL/MP
    • b
    • Język katalogowania
    • pol
    • e
    • Zasady katalogowania
    • rda
    • c
    • Instytucja, która sporządziła rekord (NP)
    • LUBL KUL/MP
    • d
    • Instytucja, która zmodyfikowała rekord (P)
    • WR U/das
041 -Język dokumentu [1, ]
    • a
    • Język tekstu (P)
    • polski
    • h
    • Język tekstu oryginalnego i/lub pośredniego (P)
    • angielski
942 -Rodzaj dokumentu [ , ]
    • c
    • Rodzaj dokumentu
    • Książka
245 -Strefa tytułu i oznaczenia odpowiedzialności [0,0]
    • a
    • Tytuł
    • Podręcznik Frascati 2015 : Find
    • b
    • Ciąg dalszy tytułu (NP)
    • zalecenia dotyczące pozyskiwania i prezentowania danych z zakresu działalności badawczej i rozwojowej / Find
    • c
    • Pozostałe elementy strefy tytułu i oznaczenia odpowiedzialności (NP)
    • Organizacja Współpracy Gospodarczej i Rozwoju ; tłumaczenie na język polski na podstawie tekstu angielskiego oraz opracowanie słownika terminów i wykazu skrótów i skrótowców Danuta Przepiórkowska.
246 -Wariant tytułu [1,8]
    • a
    • Tytuł (NP)
    • Podręcznik Frascati 2015 :
    • b
    • Ciąg dalszy tytułu (NP)
    • zalecenia dotyczące pozyskiwania i prezentowania danych z zakresu działalności B+R
246 -Wariant tytułu [1, ]
    • i
    • Tekst wyświetlany na ekranie monitora (NP)
    • Tytuł oryginału:
    • a
    • Tytuł (NP)
    • Frascati manual 2015 :
    • b
    • Ciąg dalszy tytułu (NP)
    • guidelines for collecting and reporting data on research and experimental development
246 -Wariant tytułu [3, ]
    • a
    • Tytuł (NP)
    • Podręcznik Frascati dwa tysiące piętnaście
250 -Strefa wydania [ , ]
    • a
    • Oznaczenie wydania (NP)
    • Wydanie siódme.
260 -Strefa adresu wydawniczego [ , ]
    • a
    • Miejsce wydania (P)
    • [Szczecin] :
    • b
    • Nazwa wydawcy (P)
    • Główny Urząd Statystyczny,
    • c
    • Data wydania (P)
    • © 2018.
300 -Strefa opisu fizycznego [ , ]
    • a
    • Określenie formy książki i/lub objętość (NP)
    • 451 stron :
    • b
    • Oznaczenie ilustracji (NP)
    • ilustracje ;
    • c
    • Format (NP)
    • 23 cm.
336 -Typ zawartości [ , ]
    • a
    • Termin opisujący typ zawartości
    • Tekst
    • b
    • Kod określający zawartość
    • txt
    • 2
    • Źródło (terminu i kodu)
    • rdacontent
337 -Typ mediów [ , ]
    • a
    • Tryb odtwarzania
    • Bez urządzenia pośredniczącego
    • b
    • Kod typu mediów
    • n
    • 2
    • Źródło (terminu i kodu)
    • rdamedia
338 -Typ/rodzaj nośnika [ , ]
    • a
    • Hasło opisujące typ nośnika
    • Wolumin
    • b
    • Kod typu nośnika
    • nc
    • 2
    • Źródło (terminu i kodu)
    • rdacarrier
500 -Uwaga ogólna [ , ]
    • a
    • Uwaga ogólna (NP)
    • Informacja o numerze wydania w Aneksie 1.
500 -Uwaga ogólna [ , ]
    • a
    • Uwaga ogólna (NP)
    • Miejsce wydania na podstawie serwisu e-ISBN.
500 -Uwaga ogólna [ , ]
    • a
    • Uwaga ogólna (NP)
    • Na górze okładki i strony tytułowej: Pomiar działalności naukowo-technicznej i innowacyjnej.
504 -Uwaga dot. bibliogr. załącznikowej [ , ]
    • a
    • Uwaga dot. bibliografii załącznikowej
    • Bibliografia przy rozdziałach. Indeks.
650 -Hasło przedmiotowe [ ,7]
    • a
    • Hasło przedmiotowe
    • Badania
    • x
    • Określnik rzeczowy
    • metody statystyczne
    • v
    • Określnik formalny
    • poradniki.
    • 2
    • Źródło terminu
    • kaba
    • 9
    • KHW
    • 485616
650 -Hasło przedmiotowe [ ,7]
    • a
    • Hasło przedmiotowe
    • Ankiety naukowe
    • v
    • Określnik formalny
    • poradniki.
    • 2
    • Źródło terminu
    • kaba
    • 9
    • KHW
    • 485617
700 -Hasło dodatkowe - nazwa osobowa [1, ]
    • a
    • Nazwa osobowa (NP)
    • Przepiórkowska, Danuta. Find
    • e
    • Określenie rodzaju współpracy
    • Tłumaczenie
    • e
    • Określenie rodzaju współpracy
    • Redakcja
    • 9
    • KHW
    • 41029
710 -Hasło dodatkowe - nazwa ciała zbiorowego [1, ]
    • a
    • Nazwa ciała zbiorowego lub nazwa geograficzna jako pierwszy element (NP)
    • Polska.
    • b
    • Nazwa jednostki podrzędnej (P)
    • Główny Urząd Statystyczny.
    • e
    • Rodzaj współpracy
    • Wydawca
    • 4
    • Kod relacji
    • pbl
    • 9
    • KHW
    • 9661
710 -Hasło dodatkowe - nazwa ciała zbiorowego [2, ]
    • a
    • Nazwa ciała zbiorowego lub nazwa geograficzna jako pierwszy element (NP)
    • Organizacja Współpracy Gospodarczej i Rozwoju.
    • e
    • Rodzaj współpracy
    • Instytucja sprawcza
    • 9
    • KHW
    • 45711
920 -ISBN [ , ]
    • a
    • ISBN
    • 978-83-88718-97-7 Find
Status udost. Numer inwentarzowy Data inwentaryzacji Lokalizacja
-2E.789762019-03-20BE
-2S.980012022-11-03BE